=LDR 00000nam 2200000 4500 =001 INLIS000000000030010 =005 20210607103803 =035 ##$$a 0010-061300000030010 =008 210607################g##########0#ind## =041 ##$$a Ind =082 ##$$a 341.756 759 8 =090 ##$$a 341.756 759 8, Mar p =100 #$$a Martono, K =245 1#$$a Perjanjian angkutan udara di Indonesia /$c K. Martono; Usman Melayu =260 ##$$a Bandung :$b Mandar Maju,$c 1996 =300 ##$$a xx, 237 hlm ; $c 22 x 14 cm =650 #4$$a Perjanjian =850 ##$$a NBPNMAT =020 ##$$a 979-538-131-8 =084 ##$$a 341.756 759 8 MAR p =250 ##$$a cet.1 =990 ##$$a 00055128